Revista elecciones (Registro nro. 21710)
[ vista simple ]
| 000 -Cabecera | |
|---|---|
| Campo de control interno | 01541nam a2200241Ia 4500 |
| 005 - Fecha y hora del registro | |
| control field | 20260420120347.0 |
| 008 - Elementos de Longitud Fija | |
| fixed length control field | 260320s9999||||xx |||||||||||||| ||und|| |
| 022 ## - ISSN | |
| ISSN | 19945272 |
| 041 ## - Idioma | |
| Codigo Idioma | ESP |
| 082 ## - DEWEY y NOTACIÓN INTERNA | |
| Dewey | HR 324.6 ENE-JUN 2025 |
| Notación Interna | RE |
| 110 ## - AUTOR INSTTITUCIONAL | |
| Autor Institucional | Oficina Nacional de Procesos Electorales |
| 245 #0 - TÍTULO DE MATERIAL BIBLIOGRÁFICO | |
| Título | Revista elecciones |
| 260 ## - CIUDAD, EDITORIAL, AÑO | |
| Ciudad | Lima : |
| Nombre de la Editorial | Oficina Nacional de Procesos Electorales, |
| Año | 2025 |
| 300 ## - DESCRIPCIÓN | |
| N° Páginas | 318 páginas : |
| Dimensiones | 24 cm. |
| 505 ## - TABLA DE CONTENIDO | |
| Tabla de Contenido | V. 24, N° 29 (Enero-Junio, 2025) Editorial Valeria Lozada Gallo Artículos - La polarización latinoamericana en perspectiva comparada Jennifer McCoy - Difusión organizacional: qué nos dice la India sobre cómo triunfa la ultraderecha Felix Pal - Los discursos de Javier Milei en redes sociales durante el escenario electoral trifásico de 2023 Candela Grinstein, Ariadna Gallo - Estrategias del PSOE ante Podemos (2015-2016): adaptación partidista en un contexto de fragmentación política Eduardo Bayón - Cuando las élites se asustan y coluden: backlash judicial y el deterioro democrático en Guatemala y Perú María Claudia Augusto Meléndez, Aarón Quiñón |
| 650 ## - TEMAS | |
| Temas | Ciencias Sociales |
| 653 ## - DESCRIPTORES | |
| Lenguajes no controlado | Derecho - Revista |
| 654 ## - PROGRAMAS | |
| Programa | |
| 856 ## - URL - UBICACIÓN | |
| URI/URL: Enlace exacto del recurso | <a href="https://0u214x7a0-y-https-app-vlex-com.itmsp.museknowledge.com/">https://0u214x7a0-y-https-app-vlex-com.itmsp.museknowledge.com/</a> |
| Nota pública: Versión digital | <a href="Véase además: Base de datos Vlex">Véase además: Base de datos Vlex</a> |
| 856 ## - URL - UBICACIÓN | |
| URI/URL: Enlace exacto del recurso | <a href="https://0u21bx7ag-y-https-palestra-tirantonline-com.itmsp.museknowledge.com/base/per">https://0u21bx7ag-y-https-palestra-tirantonline-com.itmsp.museknowledge.com/base/per</a> |
| Nota pública: Versión digital | <a href="Véase además: Base de datos Tirant Palestra">Véase además: Base de datos Tirant Palestra</a> |
| 942 ## - ELEMENTOS DE KOHA | |
| Tipo de documento | Revista |
| Nombre del creador | Justo Noguera |
| Código de catalogador | Margarita Torres |
| Esquema de clasificación | Dewey Decimal Classification |
| Codigo completo | Registro | Colección | Copia número | Disponibilidad | Tipo de préstamo | Biblioteca Actual | Procedencia (Biblioteca) | Ubicacón | Fecha Ingreso | Tipo de Adquisición | Date last seen | Total checkouts | Price effective from | Tipo de Item | Estado del Material | Fuente de Clasificación | Damaged status | Withdrawn status |
|---|---|---|---|---|---|---|---|---|---|---|---|---|---|---|---|---|---|---|
| HR 324.6 ENE-JUN 2025 RE | 1085257 | Universidad Católica San Pablo | 1 | Disponible | Disponible | Víctor Andrés Belaunde | Víctor Andrés Belaunde | Planta baja abierta | 07/04/2026 | Donación | 07/04/2026 | 07/04/2026 | Revista | Bueno | Dewey Decimal Classification |




